000 00558nam a2200229Ia 4500
003 OSt
005 20221006151732.0
006 a|||||r|||| 00| 0
007 ta
008 221006b |||||||| |||| 00| 0 eng d
020 _c45.00
024 _a23,172
037 _cTextual
040 _aEASL
_cEASL
_beng
041 _2eng
_aeng
100 _aMURTHY M C Shanta
_9659887
245 0 _aEconomic development of China
260 _an
_bHPH
_c1981
300 _a123p.
_ccm.
942 _cTEXL
_2CC
999 _c1091258
_d1091258